00694 2200241 4500001002100000005001500021035002000036007000300056008004100059020002200100082001100122084001700133100001700150245009900167260004200266300003600308650001800344700001900362700002100381520002600402990001200428990001200440INLIS00000000000181720180328084250 a0010-0318000160ta180328 g 0 ind  a978-602-249-907-7 a628.16 a628.16 AFI k0 aAFIN, Murtie1 aKhasiat Air Alkali Plus Antioksidan /cAfin Murtie, Marzuki Yahya; penyunting, Saptono Raharjo aJakarta :bBhuana Ilmu Populer,c2015 aix, 109 hlm. :bilus. ;c21 cm. aAIR.DISTILASI0 aMARZUKI, Yahya0 aSAPTONO, Raharjo abibliografi: hlm. 109 a16620 a a16620 b